| 000 | 01528cam a2200289 a 4500 | ||
|---|---|---|---|
| 003 | OSt | ||
| 005 | 20210906105816.0 | ||
| 008 | 970413s1996 ck d r 0 0 0 spa d | ||
| 020 | _a9586282015 | ||
| 040 |
_aCO-BoPUJ _cCO-JMCR |
||
| 041 | 0 | _aspa | |
| 082 | 0 | 4 |
_a332.673 / _bM386I _223 |
| 100 | 1 |
_aMartínez Ortiz, Astrid, _eautor _92635 |
|
| 245 | 1 | 3 |
_aLa inversión extranjera directa y otras formas de financiamiento externo : _bdos ensayos de economía internacional : notas para el examen del periodo reciente en América Latina / _cAstrid Martínez Ortiz, Universidad Nacional de Colombia |
| 250 | _aPrimera edición | ||
| 260 |
_aBogotá : _bUniversidad Nacional de Colombia, _c1996. |
||
| 300 |
_a119 páginas : _bilustraciones y gráficas en blanco y negro ; _c24 cm. |
||
| 500 | _aDatos biográficos de la autora y notas a pie de página. | ||
| 504 | _aBibliografía : páginas 109-119. | ||
| 505 | 0 | _aLa inversión extranjera directa: determinantes y evidencia empírica. -- Impacto de la inversión extranjera en los países en desarrollo. Evidencia empírica. -- La evolución reciente del entorno económico internacional y fuentes de financiación externa para América Latina. | |
| 650 | 2 | 4 |
_aInstituciones financieras _zColombia _98991 |
| 650 | 2 | 4 |
_aInversiones extranjeras _zColombia _97872 |
| 651 | 1 | 4 |
_aColombia _xPolítica económica _96872 |
| 651 | 2 | 4 |
_aColombia _xComercio exterior _936905 |
| 710 | 2 |
_aUniversidad Nacional de Colombia _bFacultad de Ciencias Económicas _939990 |
|
| 942 |
_2ddc _cBK |
||
| 999 |
_c12363 _d12363 |
||